000 01069nam0a2200301 i 4500
001 RU\NLR\bibl\1913632
005 20240921114617.0
010 _a9785271376627
_93000
_bАстрель
021 _aRU
_b2012-37298
_92765
035 _a(NLR Aleph) 001903153
090 _a3075143
_c3075143
100 _a20120609d2011 u y0rusy50 ca
101 1 _arus
_ceng
102 _aRU
105 _ay |||||||||
200 1 _aЖажда
_e[роман]
_fКристофер Пайк
_g[пер. с англ. С. Меринова]
210 _aМосква
_cАстрель
_d2011
215 _a574, [1] с.
_d22
225 1 _aБестселлер Нью-Йорк таймс!
327 1 _aСодерж.: Последний вампир; Черная кровь; Красные кости
686 _aШ9(7США)62-4
700 1 _4070
_7ca
_8rus
_aПайк
_bК.
_f1954-
_gКристофер
_9253487
_3RU\NLR\AUTH\770253543
801 0 _aRU
_bNLR
_c20120609
_gRCR
801 1 _aRU
_bNLR
_c20120609
942 _cBOOK
980 _aNBR